| 000 | 00705nam a22002177a 4500 | ||
|---|---|---|---|
| 999 |
_c3004 _d3004 |
||
| 003 | AR-CdUCM | ||
| 008 | 190305b ||||| |||| 00| 0 spa d | ||
| 040 |
_aMUNICIPALIDAD PROVINCIAL DEL CUSCO _cBIBLIOTECA MUNICIPAL DEL CUSCO |
||
| 082 |
_a320.985 / _bF81 |
||
| 100 |
_aFranco, Carlos _910248 |
||
| 245 | _aLa revolución participatoria / | ||
| 260 |
_aLima : _bMosca Azul Editores, _c1975. |
||
| 300 |
_a293 paginas ; _c19 cm. |
||
| 505 | _aTemática y nociones ideopolíticas -- El desarrollo del proceso peruano ... | ||
| 650 |
_aCambio social _95168 |
||
| 650 |
_aPerú _935 |
||
| 650 |
_aConducta politica _910249 |
||
| 650 |
_aEconómico y social _910250 |
||
| 942 |
_2ddc _cLIBROS |
||
| 945 | _aacv | ||